Three short novels : (Record no. 42701)
[ view plain ]
| 000 -CABECERA | |
|---|---|
| campo de control de longitud fija | 00883nam a2200217 a 4500 |
| 001 - NÚMERO DE CONTROL | |
| campo de control | 000043212 |
| 005 - FECHA Y HORA DE LA ÚLTIMA TRANSACCIÓN | |
| campo de control | 20201002040728.0 |
| 008 - DATOS DE LONGITUD FIJA--INFORMACIÓN GENERAL | |
| campo de control de longitud fija | 140225s2014 xxu 000 0 spa d |
| 020 ## - NÚMERO INTERNACIONAL ESTÁNDAR DEL LIBRO | |
| Número Internacional Estándar del Libro | 9781619022478 |
| 040 ## - FUENTE DE LA CATALOGACIÓN | |
| Centro catalogador/agencia de origen | DO-SdBNP |
| Lengua de catalogación | spa |
| Centro/agencia transcriptor | BNPHU |
| 041 17 - CÓDIGO DE LENGUA | |
| Código de lengua del texto/banda sonora o título independiente | eng |
| 100 1# - ENTRADA PRINCIPAL--NOMBRE DE PERSONA | |
| Nombre de persona | Berriault, Gina |
| 9 (RLIN) | 70803 |
| 245 10 - MENCIÓN DE TÍTULO | |
| Título | Three short novels : |
| Resto del título | The Son, The Lights of Earth, and The Conference of Victims / |
| Mención de responsabilidad, etc. | Gina Berriault. |
| 260 ## - PUBLICACIÓN, DISTRIBUCIÓN, ETC. | |
| Lugar de publicación, distribución, etc. | [California ] : |
| Nombre del editor, distribuidor, etc. | Counterpoint Berkeley, |
| Fecha de publicación, distribución, etc. | 2014. |
| 300 ## - DESCRIPCIÓN FÍSICA | |
| Extensión | 403 p. ; |
| Dimensiones | 24 cm. |
| 505 0# - NOTA DE CONTENIDO CON FORMATO | |
| Nota de contenido con formato | The Son / |
| Mención de responsabilidad | Gina Berriault. -- |
| Título | The Lights of Earth / |
| Mención de responsabilidad | Gina Berriault. -- |
| Título | The Conference of Victims / |
| Mención de responsabilidad | Gina Berriault -- |
| 563 ## - NOTA DE ENCUADERNACIÓN | |
| Nota de encuadernación | Tres obras encuadernadas juntas con paginación continúa |
| 700 12 - PUNTO DE ACCESO ADICIONAL--NOMBRE DE PERSONA | |
| Nombre de persona | Berriault, Gina |
| Título de la obra | The Son |
| 9 (RLIN) | 70804 |
| 700 12 - PUNTO DE ACCESO ADICIONAL--NOMBRE DE PERSONA | |
| Nombre de persona | Berriault, Gina |
| Título de la obra | The Lights of Earth |
| 9 (RLIN) | 70805 |
| 700 12 - PUNTO DE ACCESO ADICIONAL--NOMBRE DE PERSONA | |
| Nombre de persona | Berriault, Gina |
| Título de la obra | The Conference of Victims |
| 9 (RLIN) | 70806 |
| Estado de retiro | Estado de pérdida | Restricciones de uso | No para préstamo | Código de colección | Localización permanente | Ubicación/localización actual | Ubicación en estantería | Fecha de adquisición | Número de inventario | Total de préstamos | Signatura topográfica completa | Código de barras | Fecha visto por última vez | Precio válido a partir de | Tipo de ítem Koha |
|---|---|---|---|---|---|---|---|---|---|---|---|---|---|---|---|
| Excluido de préstamo | Monografías: Libros y Folletos | General | General | En catalogación | 25.02.2014 | LF1 | 43212-10 | 25.06.2020 | 25.06.2020 | No se presta |
